Atomic structure and periodicity

Kaydedildi:
Detaylı Bibliyografya
Yazar:  Barrett, Jack
Materyal Türü: Sách
Dil:Undetermined
Baskı/Yayın Bilgisi:  Royal Society of Chemistry  2002
Konular:
Etiketler: Etiketle
Etiket eklenmemiş, İlk siz ekleyin!
Thư viện lưu trữ: Trung tâm Thư viện - Trường Đại học Công nghiệp TP. Hồ Chí Minh
LEADER 00495nam a2200157Ia 4500
001 UIH_06357
008 231011s9999 xx 000 0 und d
082 |a  541.24 
100 |a  Barrett, Jack 
245 0 |a  Atomic structure and periodicity 
245 0 |c  Barrett, Jack 
260 |b  Royal Society of Chemistry 
260 |c  2002 
650 |a  Cấu trúc nguyên tử;  
927 |a Sách 
980 |a Trung tâm Thư viện - Trường Đại học Công nghiệp TP. Hồ Chí Minh